| 000 | 01297nam0a2200373 4500 | ||
|---|---|---|---|
| 001 | RU\NLR\bibl\410513 | ||
| 005 | 20250622170922.0 | ||
| 010 |
_a5-7406-0725-6 _95000 |
||
| 021 |
_aRU _b2003-21289 _9987 |
||
| 021 |
_aRU _b2003-21649 _91006 |
||
| 035 | _a(NLR Aleph) 000404581 | ||
| 090 |
_a596571 _c596571 |
||
| 100 | _a20030606d2002 |||y0rusy50 ca | ||
| 101 | 1 |
_arus _clit |
|
| 102 | _aRU | ||
| 105 | _aa ||||||||| | ||
| 200 | 1 |
_aКошачья колыбельная _e[стихи _eсамым маленьким - для чтения с родителями _eпер. с литов.] _fТолейна Аума |
|
| 210 |
_aКалининград _cЯнтар. сказ _d2002 |
||
| 215 |
_a[25] с. _cцв. ил. _d10x10 |
||
| 225 | 1 | _aКнижки-малышки | |
| 300 | _aНа обл. авт. не указан | ||
| 675 |
_a821.172-93Аума _v3 _zrus |
||
| 686 |
_a17.82.93 _2rugasnti |
||
| 686 |
_a84(4Лит)-5 _2rubbk |
||
| 686 | _aШ9(2)60=Лит-5 | ||
| 700 | 0 |
_4070 _7ca _8rus _aТолейна Аума _cпсевдоним _f1943- _9223954 _3RU\NLR\AUTH\770224010 |
|
| 801 | 0 |
_aRU _bRKP _c20030606 _gPSBO |
|
| 801 | 1 |
_aRU _bRKP _c20030606 |
|
| 801 | 2 |
_aRU _bNLR _c20030708 _grcr |
|
| 942 | _cBOOK | ||
| 980 | _aNB | ||